Manual de medio ambiente y sostenibilidad

Detalles Bibliográficos
Autor principal: Granados Sǹchez, Jess︢
Formato: Desconocido
Lenguaje:español
Publicado: Madrid : Dykinson, D.L. 2010
Materias:
Acceso en línea:Acceso restringido

MARC

LEADER 00000ny a22000003n 4500
005 20110623133715.0
008 100722s2010 sp 000 0 spa d
017 |a D.L.M 21104-2010 
020 |a 9788498499155 
035 |a 5012 
040 |a BUS  |d vLex 
080 |a 504.03 
090 |c 1069  |d 1069 
100 1 |a Granados Sǹchez, Jess︢ 
245 1 0 |a Manual de medio ambiente y sostenibilidad  |h [Recurso electrn̤ico]  |c Jess︢ Granados Sǹchez 
256 |a Servicio en ln̕ea 
260 |a Madrid :  |b Dykinson,  |c D.L. 2010 
300 |a 147 p. ;  |c 21 cm 
506 1 |a Contenido solo disponible en los productos indicados  |d vLex Global  |d vLex Global (Academic Edition, excluding Law Schools)  |d vLex Global (U.S. Academic Edition, Law Schools)  |d vLex Global (U.S. Academic Edition, excluding Law Schools)  |d vLex Global (Academic Edition, Law Schools) 
650 0 7 |a Medio ambiente  |2 Tesauro vLex 
650 0 7 |a Derecho al medio ambiente  |2 Tesauro vLex 
650 0 7 |a Administrativo  |2 Tesauro vLex 
740 0 |a vLex Libros (Servicios en ln̕ea) 
856 4 0 |u http://vlex.com/source/5012  |z Acceso restringido 
942 |c BOOK